00293 a2200097 4500020001800000022001800018050001800036082001800054245008800072260003500160 a9781422228180 a9781422228180 aT 613.25 BAUC aT 613.25 BAUC aYoung adult's guideto the science of health:bWeight managementcElizabeth Bauchner aMiddle EastbMason Crestc2014